Introducción al análisis de redes hidráulicas mediante la teoría lineal
Na minha lista:
| Autor principal: | |
|---|---|
| Formato: | Desconhecido |
| Publicado em: |
[San José, Costa Rica]
1981
|
| Assuntos: | |
| Tags: |
Adicionar Tag
Sem tags, seja o primeiro a adicionar uma tag!
|
MARC
| LEADER | 00000 a2200000 4500 | ||
|---|---|---|---|
| 003 | 001428 | ||
| 005 | 20221231143743.0 | ||
| 008 | 140114s1981 c a m 000 ||s d | ||
| 040 | |c cru CEDI | ||
| 090 | |a TFG 1028 | ||
| 100 | |a Solís Blanco, Isidro |9 15880 | ||
| 245 | |a Introducción al análisis de redes hidráulicas mediante la teoría lineal | ||
| 260 | |c 1981 |a [San José, Costa Rica] | ||
| 300 | |a [76] hojas : ilustraciones ; 28 cm | ||
| 500 | |a Proyecto de graduación (ingeniero civil)--Universidad de Costa Rica | ||
| 650 | |x INGENIERÍA HIDRAÚLICA - PROGRAMAS PARA COMPUTADORA |9 1552 | ||
| 942 | |c TFG | ||
| 999 | |c 11288 |d 11288 | ||
